|
|
|
|
| LEADER |
00000nam a22000007a 4500 |
| 005 |
20191118154943.0 |
| 007 |
cr|||| |||| |
| 008 |
191118s2019 es |||||s|||| 00||0 spa d |
| 020 |
|
|
|a 978-84-7351-689-1
|
| 035 |
|
|
|a 30889
|
| 040 |
|
|
|a vLex
|
| 090 |
|
|
|c 10064
|d 10064
|
| 100 |
1 |
|
|a Ibarz Moret, Ana
|
| 245 |
1 |
3 |
|a Las redes sociales en la Administracin̤ General del Estado
|h [Recurso electrn̤ico] /
|c Ana Ibarz Moret, Rafael Rubio Nę︢z
|
| 256 |
|
|
|a Servicio en ln̕ea
|
| 260 |
|
|
|a Madrid:
|b Instituto Nacional de Administracin̤ Pb︢lica (INAP),
|c 2019
|
| 300 |
|
|
|a 1 recurso electrn̤ico
|
| 500 |
|
|
|a Comunicacin̤, transparencia y gobierno abierto.
|
| 506 |
1 |
|
|a Disponible solo en los productos indicados
|d vLex Global
|d vLex Global (Academic Edition, excluding Law Schools)
|d vLex Global (U.S. Academic Edition, Law Schools)
|d vLex Global (U.S. Academic Edition, excluding Law Schools)
|d vLex Global (Academic Edition, Law Schools)
|
| 650 |
0 |
4 |
|a Derecho Pb︢lico y Administrativo
|z Espaą
|
| 650 |
0 |
4 |
|a Derecho de las Nuevas Tecnologa̕s
|z Espaą
|
| 700 |
1 |
|
|a Rubio Nę︢z, Rafael
|
| 740 |
0 |
|
|a vLex Libros (Servicio en ln̕ea)
|
| 856 |
4 |
0 |
|u http://vlex.com/source/redes-sociales-administracion-general-estado-30889
|z Acceso restringido
|
| 942 |
|
|
|c BOOK
|
| 999 |
0 |
|
|a Public and Administrative Law
|
| 999 |
0 |
|
|a New Technology Law
|